Oświęcim - quiz wielokrotnego wyboru - Statystyki

Ogólne statystyki
  • Ten quiz został rozwiązany 656 razy
  • Średni wynik to 5 z 10
Statystyki odpowiedzi
Zagadnienie Odpowiedź % Poprawnych
Co oznacza napis nad bramą wejściową do obozu Auschwitz "Arbeit macht frei"? Praca czyni wolnym
91%
Która z poniższych branż odegrała ważną rolę w Oświęcimiu od XX. wieku aż do dziś? Chemiczna
68%
Czym obecnie jest Zamek Książąt Oświęcimskich? Muzeum i centrum kultury
62%
Jaka jest dzienna data wyzwolenia Oświęcimia przez Sowietów podczas II wojny światowej? 27 stycznia 1945 r.
50%
Kto był pierwszym komendantem obozu koncentracyjnego Auschwitz-Birkenau? Rudolf Höß
50%
Kto był ostatnim władcą księstwa oświęcimskiego? Jan IV oświęcimski
41%
Które z poniższych zdjęć nie przedstawia miejsca znajdującego się w Oświęcimiu?
36%
Jaka jest najstarsza znana nazwa dla Oświęcimia? Ospenchin
31%
Która z poniższych rzek nie przepływa przez Oświęcim? Skawa
26%
Jakie jest hasło promocyjne Oświęcimia? Oświęcim - Miasto Pokoju
17%
Nie znaleziono quizów pasujących do podanych kryteriów
Rozkład punktacji
Procent ludzi z każdym wynikiem
Percentyl według liczby udzielonych odpowiedzi
Twoja historia wyników
Nie rozwiązałeś tego quizu